Crisis leadership : (Record no. 3619)
[ view plain ]
| 000 -LEADER | |
|---|---|
| fixed length control field | 01015cam a2200181 a 4500 |
| 020 ## - INTERNATIONAL STANDARD BOOK NUMBER | |
| ISBN | 0471229180 |
| 050 00 - CALL NUMBER | |
| Classification number | HD49 |
| Item number | .M565 2004 |
| 100 1# - AUTHOR | |
| Personal name | Mitroff, Ian I. |
| 245 10 - TITLE | |
| Title | Crisis leadership : |
| Remainder of title | planning for the unthinkable / |
| Statement of responsibility, etc | Ian Mitroff. |
| 260 ## - PUBLICATION INFORMATION | |
| Place of publication | Hoboken, NJ : |
| Name of publisher | Wiley, |
| Year of publication | c2004. |
| 300 ## - DESCRIPTION | |
| Number of Pages | xv, 121 p. : |
| Other physical details | ill. ; |
| Dimensions | 23 cm. |
| 500 ## - NOTES | |
| General note | Includes index |
| 505 ## - FORMATTED CONTENTS NOTE | |
| Table of Content | The failure of conventional thinking --<br/>The failure of conventional organizations --<br/>The failure of conventional responses --<br/>The rise of abnormal accidents: a brief history of crises --<br/>The different languages of managers and executives: the personalities of individuals --<br/>The personalities of organizations --<br/>Crisis leadership and the Myers-Briggs --<br/>The role of conflict in crisis leadership --<br/>An expanded view of signal detection --<br/>Thinking the absurd --<br/>The vital importance of spirituality in crisis leadership. |
| 650 #0 - SUBJECTS | |
| Topical Term | Crisis management. |
| 650 #0 - SUBJECTS | |
| Topical Term | Leadership. |
| 650 #0 - SUBJECTS | |
| Topical Term | Strategic planning. |
| 942 ## - ADDED ENTRY ELEMENTS (KOHA) | |
| Koha item type | Books |
| Withdrawn status | Lost status | Collection code | Home library | Current library | Shelving location | Date acquired | Full call number | Accession Number | Koha item type |
|---|---|---|---|---|---|---|---|---|---|
| Reference | Methodist University Library Main | Methodist University Library Main | General Stacks | 21/06/2018 | HD49 .M565 2004 | 39872 | Books |